Statistiche per Marcatori del Portogallo ai Mondiali - Qatar 2022

Clicka qui per fare il quiz!

Statistiche generali

  • Questo quiz è stato fatto 8 volte
  • Il punteggio medio è 6 su 12

Statistiche sulle risposte

PartitaMinutoMarcatore% Corretto
Portogallo - Ghana 3-265Cristiano Ronaldo
100%
Portogallo - Ghana 3-280Rafael Leão
71%
Portogallo - Svizzera 6-192Rafael Leão
71%
Portogallo - Ghana 3-278João Félix
57%
Portogallo - Uruguay 2-054Bruno Fernandes
43%
Portogallo - Uruguay 2-093Bruno Fernandes
43%
Portogallo - Svizzera 6-117Gonçalo Ramos
43%
Portogallo - Svizzera 6-151Gonçalo Ramos
43%
Portogallo - Svizzera 6-167Gonçalo Ramos
43%
Portogallo - Svizzera 6-133Pepe
43%
Corea del Sud - Portogallo 2-15Ricardo Horta
14%
Portogallo - Svizzera 6-155Raphaël Guerreiro
0%

Distribuzione punteggi

Percentile per numero di risposta

Percentuale di utenti per punteggio

I tuoi punteggi nel tempo

Non hai fatto questo quiz